| 000 | 00442nam a2200157 i 4500 | ||
|---|---|---|---|
| 001 | 87760 | ||
| 003 | ES-MaACL | ||
| 005 | 20230906175732.0 | ||
| 007 | t| | ||
| 008 | 041223s1945 sp ||||1| spa d | ||
| 100 | 1 |
_aLacalle Fernández, Angel. _969319 |
|
| 245 | 1 | 0 |
_aLengua española / _cAngel Lacalle Fernández. |
| 260 |
_aBarcelona : _bBosch, _c[1945] ( _fJ. Pugés) |
||
| 300 |
_a220 p. ; _c23 cm. |
||
| 852 |
_aES-MaACL _jB-10301 _bR.21884 |
||
| 999 |
_c87760 _d87760 |
||